| 000 | 01541nam a2200373 c 4500 | ||
|---|---|---|---|
| 999 |
_c329536 _d329536 |
||
| 003 | BLK | ||
| 005 | 20240914113409.0 | ||
| 008 | 180410b bul|||||r ||||||| ||bul|| | ||
| 010 | _aKNG00167950000 | ||
| 020 | _a978-619-164-293-9 | ||
| 040 | _aBLK | ||
| 041 |
_aBUL _cBUL |
||
| 072 | 7 |
_2bullib _aН83 _xЧужда художествена литература Н |
|
| 080 |
_aБългарска литература _b821.163.2 _x-312.4 _z821.163.2-312.4 |
||
| 100 | 1 |
_aДукова, Боряна Димитрова _eпърви автор _gМилушева-Дукова, Боряна Димитрова _9372389 |
|
| 139 |
_aДукова, Боряна Димитрова _bД 92 |
||
| 245 | 1 | 0 |
_aИзвън редовете _cБоряна Димитрова Дукова; * Боряна Димитрова Милушева-Дукова. _bРоманът на Яна Язова |
| 257 | _aBGR | ||
| 260 |
_aСофия _bEnthusiast _c2019 _fСофия : J Point Plus _9215899 _n978-619-164- ; 978-954-2958- ; 978-954-8657- |
||
| 300 |
_a224 с. _c20 см |
||
| 380 | _aX | ||
| 500 | _aПълното име на авт. е Боряна Димитрова Милушева-Дукова. | ||
| 653 | _aромани | ||
| 659 | _aН | ||
| 700 | 1 |
_aМилушева-Дукова, Боряна Димитрова _e* _9380865 |
|
| 852 |
_bП _aЦб 295359 |
||
| 856 | 4 | _qpdf | |
| 856 | 4 | _qpdf | |
| 942 |
_cKNG _n0 _018 _s1 |
||
| 999 | _d329536 | ||
| 999 | _d329536 | ||
| 999 | _d329536 | ||
| 944 |
_k30529 _lДиана Гривева |
||